| 000 | 00887nam a2200253 i 4500 | ||
|---|---|---|---|
| 001 | 187557 | ||
| 003 | ES-MaACL | ||
| 005 | 20240129115702.0 | ||
| 008 | 171123s2003 sp b |||| | spa d | ||
| 020 | _a84-674-0389-6 | ||
| 080 | _a821.112.2-31"19" | ||
| 100 | 1 |
_aHaefs, Gisbert, _d1950- _9144837 |
|
| 245 | 1 | 0 |
_aAlejandro _b: el unificador de Grecia, La Hélade / _cGisbert Haefs ; [traducción, José Antonio Alemany]. |
| 260 |
_aBarcelona : _bPlaneta-De Agostini, _c[2003] |
||
| 300 |
_a461 p. ; _c24 cm. |
||
| 490 | 1 | _aNovelas de Grecia y Roma | |
| 500 | _aApéndices. | ||
| 600 | 0 | 4 |
_aAlejandro Magno- _vNovelas. _9162845 |
| 700 | 1 |
_aAlemany, José Antonio. _919727 |
|
| 830 | 1 |
_aNovelas de Grecia y Roma _9225574 |
|
| 852 |
_aES-MaACL _jA-14042 _9194643 _bR.151598 _cDEPO1 _dOlim: N-7042 |
||
| 942 |
_2udc _cMONOGRAFIA |
||
| 999 |
_c187557 _d187557 |
||